| 000 | nam a22 a 4500 | ||
|---|---|---|---|
| 999 |
_c423238 _d423238 |
||
| 003 | BLK | ||
| 005 | 20210708090642.0 | ||
| 008 | 200316b bul|||||r ||||||| ||bul|| | ||
| 040 | _aBLK | ||
| 041 |
_aBUL _cBUL |
||
| 080 |
_aБългарска литература _b821.163.2 _x-31 _z821.163.2-31 |
||
| 100 |
_aСребров, Здравко Василев _eпърви автор _9282753 |
||
| 139 | _aСребров, Здравко Василев | ||
| 245 | 1 | 0 |
_aУтопин _bРоман на едно откритие _cЗдравко Василев Сребров; нарис. Александър Жендов. |
| 257 | _aBGR | ||
| 260 |
_aСофия _bИзд. авт. _c1942 _fСофия : Родопи _9219492 _n978-619-90615- ; 978-619-188- ; 978-954-799- |
||
| 300 |
_a264 с. _bс ил. _c18см |
||
| 380 | _aX | ||
| 500 | _a1500 тир. (Цена в кумул.) : 75 лв. | ||
| 700 |
_aЖендов, Александър _eил. _9263299 |
||
| 852 |
_aЦб 8.180.6698 _bО |
||
| 856 | 4 |
_qpdf _u |
|
| 856 | 4 |
_qpdf _u |
|
| 942 |
_cKNG _n0 _s1 |
||
| 944 |
_aCR _c2021-07-08 _kМикаела Микова-Илиева |
||
| 999 | _d509054 | ||